Refreshing pauses : Coca-Cola and human rights in Guatemala /

Bibliographic Details
Main Author: Frundt, Henry J.
Format: Book
Language:English
Published: New York : Praeger, 1987.
Subjects:

MARC

Tag First Indicator Second Indicator Subfields
LEADER 00000cam a2200000 a 4500
001 in00000035079
005 20151007055258.0
008 870604s1987 nyu b 00110 eng
010 |a  87016001  
020 |a 0275927644 (alk. paper) :  |c $34.85 
035 |a (OCoLC)16132048 
035 |9 AAB7760AM 
040 |a DLC  |c DLC  |d TXA  |d UtOrBLW 
043 |a ncgt--- 
049 |a TXAM  |c [A11506278] 
050 0 0 |a JC599.G8  |b F78 1987 
082 0 |a 323.4/097281  |2 19 
100 1 |a Frundt, Henry J. 
245 1 0 |a Refreshing pauses :  |b Coca-Cola and human rights in Guatemala /  |c Henry J. Frundt. 
264 1 |a New York :  |b Praeger,  |c 1987. 
300 |a xvi, 269 pages ;  |c 24 cm. 
336 |a text  |b txt  |2 rdacontent 
337 |a unmediated  |b n  |2 rdamedia 
338 |a volume  |b nc  |2 rdacarrier 
536 |a Dr. Paul P. Van Riper Collection, Department of Political Science. 
504 |a Bibliography: pages 245-261. 
500 |a Includes index. 
650 0 |a Human rights  |z Guatemala. 
610 2 0 |a Coca-Cola Company. 
650 0 |a Labor unions  |z Guatemala  |x Political activity  |x Case studies. 
650 0 |a Church and state  |z Guatemala. 
999 |a MARS 
999 f f |s 57743da7-1b72-35e4-a6ad-5ea867dd4be6  |i 2bd54509-d6ff-3cac-b96d-1b5940b620e4  |t 0 
952 f f |p ric  |a Texas A&M University  |b Rellis Campus  |c Joint Library Facility  |d Remote Storage  |t 0  |e JC599.G8 F78 1987  |h Library of Congress classification  |i unmediated -- volume  |m A14821291388 
952 f f |p normal  |a Texas A&M University  |b College Station  |c Sterling C. Evans Library  |d Evans: Library Stacks  |t 0  |e JC599.G8 F78 1987  |h Library of Congress classification  |i unmediated -- volume  |m A14811506278 
998 f f |a JC599.G8 F78 1987  |t 0  |l Evans: Library Stacks 
998 f f |a JC599.G8 F78 1987  |t 0  |l Remote Storage